Miami Marlins Nicknames - Statistics

General Stats
  • This quiz has been taken 325 times
    22 since last reset
  • The average score is 7 of 10
Answer Stats
Nickname Tenure Answer % Correct
Miggy 2003–2007 Miguel Cabrera
100%
Jazz 2020–2024 Jasrado "Jazz" Chisholm Jr.
89%
D-Train 2003–2007 Dontrelle Willis
83%
Sheff 1993–1998 Gary Sheffield
83%
El Niño / Han-Ram 2006–2012 Hanley Ramírez
83%
Bigfoot 2010–2017 Giancarlo Stanton
72%
The Big Bear 2013–2017 Marcell Ozuna
61%
Sandman 2018– Sandy Alcántara
61%
Mr. Marlin / Nine 1993–1997, 2004–2005 Jeff Conine
44%
Gaby 2008–2011 Gabriel "Gaby" Sánchez
39%
No matching quizzes found
Score Distribution
Percent of People with Each Score
Percentile by Number Answered
Your Score History
You have not taken this quiz since the last reset